000 00265nmm a2200097Ia 4500
008 220120s9999||||xx |||||||||||||||||und||
020 _a81-265-0189-8
100 _aDigit
245 0 _aAluma os, Gate-2019, preparation, human anatomy video lectur
260 _bNew Delhi
999 _c140085
_d140085